00429nmm a2200157Ia 4500008004100000020001800041041000800059100002400067245002100091264004500112300001800157650002100175856005100196942000700247999001700254251105s9999||||xx |||||||||||||||||und|| a9788415608165 aspa aHerrndorf, Wolfgang 0aGoodbye Berlín a[Madrid, España] :bAlevosía, c2012 a248 páginas aOther narratives uhttps://public.digitaliapublishing.com/a/31966 cCF c76884d76884